That Villain Is the Good Guy! Quiz Stats

 Plays Quiz Updated Aug 29, 2018

Support Sporcle.
Go Orange.
Score 0/20 Timer 05:00
1 Play Today
% Correct
101 Dalmatians
97.2%
Ferris Bueller's Day Off
91.1%
Indiana Jones and the Last Crusade
88.5%
Jaws
88.3%
Peter Pan
85.7%
Ghostbusters
85.7%
Star Wars
84.6%
Psycho
83.4%
The Hunt for Red October
81.9%
A Few Good Men
80.8%
% Correct
How the Grinch Stole Christmas
80.4%
Tangled
78.4%
The Fugitive
78.2%
Misery
78%
The Wizard of Oz
77%
Finding Nemo
76.3%
Superman
75.9%
Speed
72.8%
Lord of the Rings
72%
Chitty Chitty Bang Bang
52.6%

From the Vault

Bullseye Blitz: Science!

by bhenderson79

Science 4m
You really shouldn't be throwing darts around in the chem lab.
Remove Ads.
Support Sporcle.
Get the best of Sporcle when you Go Orange. This ad-free experience offers more features, more stats, and more fun while also helping to support Sporcle. Thank you for becoming a member.

Show Comments

Extras

Top Quizzes Today


Score Distribution

Your Account Isn't Verified!

In order to create a playlist on Sporcle, you need to verify the email address you used during registration. Go to your Sporcle Settings to finish the process.

Report this User

Report this user for behavior that violates our Community Guidelines.

Details: